Los señores de las tijeras : (Record no. 194525)
[ view plain ]
| 000 -LEADER | |
|---|---|
| campo de control de longitud fija | 02812nam a2200349 i 4500 |
| 001 - NÚMERO DE CONTROL | |
| campo de control | 194525 |
| 003 - IDENTIFICADOR DE NÚMERO DE CONTROL | |
| campo de control | SpMaBN |
| 005 - FECHA Y HORA DE LA ÚLTIMA TRANSACCIÓN | |
| campo de control | 20250711063124.0 |
| 008 - DATOS DE LONGITUD FIJA--INFORMACIÓN GENERAL | |
| campo de control de longitud fija | 240503s2023 sp | |||| 000 spa |
| 015 ## - NÚMERO DE BIBLIOGRAFÍA NACIONAL | |
| Número de bibliografía nacional | MON23 |
| 017 ## - NÚMERO DE COPYRIGHT O DE DEPÓSITO LEGAL | |
| Número de copyright o de depósito legal | M 26503-2023 |
| Agencia que asigna | Oficina Depósito Legal Madrid |
| 020 ## - NÚMERO INTERNACIONAL ESTÁNDAR DEL LIBRO | |
| Número Internacional Estándar del Libro | 9788416842841 |
| 040 ## - FUENTE DE CATALOGACIÓN | |
| Centro catalogador/agencia de origen | SpMaBN |
| Lengua de catalogación | spa |
| Centro/agencia transcriptor | SpMaBN |
| Normas de descripción | rda |
| 100 ## - ENTRADA PRINCIPAL--NOMBRE DE PERSONA | |
| Nombre de persona | Romero Ramírez, Vicente, |
| Fechas asociadas al nombre | 1947 |
| 9 (RLIN) | 236190 |
| Término indicativo de función/relación | Autor |
| 245 ## - MENCIÓN DEL TÍTULO | |
| Título | Los señores de las tijeras : |
| Resto del título | el cine que la censura nos prohibió / |
| Mención de responsabilidad, etc. | Vicente Romero Ramírez |
| 250 ## - MENCION DE EDICION | |
| Mención de edición | 2023 |
| 260 ## - PUBLICACIÓN, DISTRIBUCIÓN, ETC. | |
| Nombre del editor, distribuidor, etc. | Akal, |
| Fecha de publicación, distribución, etc. | 2023 |
| 300 ## - DESCRIPCIÓN FÍSICA | |
| Extensión | 301 páginas ; |
| Dimensiones | 22 cm |
| 336 ## - TIPO DE CONTENIDO | |
| Término de tipo de contenido | Texto |
| Fuente | rdacontent |
| 337 ## - TIPO DE MEDIO | |
| Nombre/término del tipo de medio | sin mediación |
| Fuente | rdamedia |
| 338 ## - TIPO DE SOPORTE | |
| Nombre/término del tipo de soporte | volumen |
| Fuente | rdacarrier |
| 520 ## - RESUMEN, ETC. | |
| Sumario, etc. | Desde sus orígenes, el cine ha sido objeto de control para eliminar aquello que en cada época el poder consideraba «peligroso». En este libro, ameno al estar concebido como un gran reportaje, Vicente Romero nos narra la historia de la censura en el cine español, con especial atención a los cuarenta años de la dictadura franquista, cuando los señores de las tijeras –principalmente falangistas y representantes de la Iglesia– impusieron los criterios religiosos y políticos oficiales sobre lo que se podía o no ver en las pantallas: imágenes cortadas, diálogos suprimidos, argumentos tergiversados por el doblaje... hasta extremos tan absurdos y ridículos que hoy nos generan una sonrisa, pero que representaron una condena para nuestro cine. <br/><br/>Esta rigurosa investigación nos ofrece testimonios de nuestros principales cineastas (Berlanga, Bardem, Saura, Iquino, etcétera), así como de integrantes de las juntas de censura, junto a algunas imágenes de secuencias prohibidas y una selección de documentos oficiales inéditos sobre la actuación de los llamados ángeles guardianes que se esmeraban en una represión cultural destinada –según afirmó el ministro de Información, Arias Salgado– a salvar almas de españoles. <br/><br/>Ante los ojos del lector, en estas páginas se despliega una atractiva crónica de los tiempos más difíciles y oscuros de la sociedad española, no tan lejanos, cuando permanecía sometida a la estrechez moral y el dogmatismo del régimen surgido de la Guerra Civil. |
| 650 #4 - PUNTO DE ACCESO ADICIONAL DE MATERIA--TÉRMINO DE MATERIA | |
| 9 (RLIN) | 11016 |
| Término de materia o nombre geográfico como elemento de entrada | Cine- |
| Subdivisión general | Censura- |
| Subdivisión geográfica | España |
| 655 #0 - TERMINO DE INDIZACIÓN--GENERO/FORMA | |
| 9 (RLIN) | 237084 |
| Datos o término principal de género/forma | Cine español |
| 852 ## - LOCALIZACIÓN | |
| Ubicación | ES-MaACL |
| Ubicación en estantería | Depósito J |
| Número de control de estantería | N-9952 |
| Donativo/Legado | Donación: José Lázaro García |
| Encuadernación | Encuadernación rústica con solapas |
| itemnumber | 205864 |
| 903 ## - NOMBRE PERSONAL DE DONANTE | |
| 9 | 234219 |
| a | Lázaro García, José |
| e | Donante |
| 942 ## - ELEMENTOS DE ENTRADA SECUNDARIOS (KOHA) | |
| Tipo de ítem Koha | Libro impreso |
| Suprimir en OPAC | No |
| Estatus retirado | Estado de pérdida | Fuente del sistema de clasificación o colocación | Estado de daño | No para préstamo | Biblioteca de origen | Biblioteca actual | Ubicación en estantería | Fecha de adquisición | Fuente de adquisición | Total de préstamos | Signatura topográfica completa | Código de barras | Visto por última vez | Precio de reemplazo | Tipo de ítem Koha |
|---|---|---|---|---|---|---|---|---|---|---|---|---|---|---|---|
| Clasificación decimal universal | Biblioteca del Ateneo de Madrid | Biblioteca del Ateneo de Madrid | Depósito J | 27/05/2025 | Donación | N-9952 | 101230201 | 27/05/2025 | 27/05/2025 | Libro impreso |
